Pokemon Emerald Kaizo - Elite Four Teams - Statistics

General Stats
  • This quiz has been taken 15 times
  • The average score is 18 of 30
Answer Stats
Hint Answer % Correct
Glacia Glalie
92%
Steven Metagross
83%
Drake Salamence
83%
Glacia Dewgong
75%
Sidney Sableye
75%
Phoebe Sableye
75%
Steven Deoxys
67%
Drake Dragonite
67%
Steven Jirachi
67%
Drake Latias
67%
Drake Latios
67%
Steven Mewtwo
67%
Glacia Regice
67%
Sidney Tauros
67%
Drake Tyranitar
67%
Steven Aerodactyl
58%
Phoebe Dusclops
58%
Phoebe Gengar
58%
Sidney Houndoom
58%
Phoebe Ludicolo
58%
Sidney Alakazam
50%
Drake Kingdra
50%
Glacia Lapras
50%
Sidney Machamp
50%
Glacia Swampert
50%
Glacia Wailord
50%
Phoebe Crobat
42%
Phoebe Gardevoir
42%
Steven Starmie
42%
Sidney Jolteon
33%
No matching quizzes found
Score Distribution
Percent of People with Each Score
Percentile by Number Answered
Your Score History
You have not taken this quiz